000
00267nam a2200145Ia 4500
100
_a
Jesia/Avan
650
_a
Fiction
942
_c
BK
245
_a
Tower
260
_b
Penguin
_c
2012
082
_a
808.8
_b
JES
300
_a
402
546
_a
ENGLISH
999
_c
30376
_d
30376